| 000 | 00504nam a22001577a 4500 | ||
|---|---|---|---|
| 005 | 20250905122013.0 | ||
| 008 | 180227b xxu||||| |||| 00| 0 eng d | ||
| 020 | _a9781625641656 | ||
| 050 |
_aBL245 _b.O83 2014 |
||
| 100 | _aOsborne, Kenan B., | ||
| 245 |
_a Science and religion : _bfifty years after Vatican II : a time of peace and reconciliation |
||
| 260 |
_aEugene, Oregon : _bWipf & Stock, _cc2014 |
||
| 300 |
_a 191 p. _c23cm. |
||
| 650 | _a Religion and science|xHistory. | ||
| 942 |
_2lcc _cBK |
||
| 999 |
_c52382 _d52382 |
||